[Event "Olympiad-33"]
[Site "Elista"]
[Date "1998.10.07"]
[Round "9.1"]
[White "Fominyh, Alexander"]
[Black "Almasi, Zoltan"]
[Result "0-1"]
[WhiteElo "2530"]
[BlackElo "2650"]
[Annotator "Tsesarsky,I"]
[PlyCount "86"]
[EventDate "1998.09.29"]
[EventType "team-swiss"]
[EventRounds "13"]
[EventCountry "RUS"]
[SourceTitle "CBM 068"]
[Source "ChessBase"]
[SourceDate "1999.02.01"]
[SourceVersion "1"]
[SourceVersionDate "1999.02.01"]
[SourceQuality "1"]
[WhiteTeam "Russia III"]
[BlackTeam "Hungary"]
[WhiteTeamCountry "RUS"]
[BlackTeamCountry "HUN"]

{[%mdl 16484]} 1. d4 Nf6 2. Nf3 d5 3. c4 c6 4. e3 e6 5. Bd3 Nbd7 6. O-O (6.
Nbd2 Bd6 7. O-O O-O 8. e4 dxe4 9. Nxe4 Nxe4 10. Bxe4 Qc7 (10... Nf6 11. Bc2 c5
(11... h6 $6 12. b3 (12. Be3 b5 $5 $132) 12... c5 13. Bb2 cxd4 (13... b6 14.
Qd3 Bb7 15. d5 $16) 14. Qxd4 Qe7 15. Rad1 $14 {1-0 Meszaros,A-Farago,S/
Budapest/989 (28)}) 12. Bg5 h6 13. Bh4 cxd4 14. Qxd4 g5 15. Rad1 Bxh2+ 16. Kxh2
Qxd4 17. Rxd4 gxh4 18. Ne5 $16 {1-0 Csom,I-Bellon Lopez,J/Malaga 31/429 1981 
(24)}) (10... h6 11. Bc2 c5 $5 (11... e5 12. b3 (12. a3 f5 13. c5 Bc7 14. Bb3+
Kh8 15. Ng5 Nxc5 $8 16. dxc5 $1 Qxd1 17. Rxd1 hxg5 18. Bxg5 $14 {_|_ +/=
Gagarin,V-Volodin,V/USSR 43/(535) 1987}) (12. Qd3 f5 13. c5 $1 Bc7 (13... Be7
14. Qc4+ Kh8 15. Nxe5 Nxe5 16. dxe5 $16) 14. dxe5 Nxe5 $1 (14... Nxc5 15. Qc4+
Qd5 (15... Ne6 16. Be3 Qd5 $14) 16. Qxd5+ cxd5 17. Be3 $14) 15. Qb3+ Kh8 16.
Bf4 Be6 $1 (16... Nxf3+ $6 {This move is not the best} 17. Qxf3 Bxf4 18. Qxf4
Qf6 19. Rfe1 Qxb2 $5 (19... Be6 20. Re5 g5 $2 (20... Rae8 21. Rae1 $16) (20...
Rad8 21. a3 (21. Rae1 Bxa2 $132) 21... Rd5 22. Rae1 Bg8 23. b4 g5 24. Qe3 f4
$132) 21. Qe3 Bf7 22. Re1 Rae8 23. f4 $16) 20. Bb3 {Sorokin,M-Shabanov,Y/USSR/
1991} b6 $132) 17. Qc3 Nxf3+ 18. Qxf3 Bd5 $11) 12... f5 $6 (12... exd4 13. Qxd4
Bc5 14. Qc3 Re8 (14... Nf6 15. b4 $14) 15. Bb2 Nf6 16. b4 Bf8 17. Rad1 Qb6 18.
c5 Qa6 19. a3 Nd5 20. Qd4 b6 (20... Be6 21. Rfe1 Rad8 22. Qe4 f5 23. Qh4 $16)
21. cxb6 axb6 22. Ne5 Bb7 23. Nd7 f6 24. Nxf8 Kxf8 25. Bg6 $14) 13. dxe5 Nxe5
14. Bb2 Nxf3+ (14... Qf6 15. Kh1 f4 16. h3 $16 {Petrakov-Volodin/Russia/1992 
(18)}) 15. Qxf3 Qh4 16. h3 Be6 17. Rad1 $14) 12. b3 (12. Qd3 Nf6 13. Be3 Qc7
14. Rad1 b6 $14) 12... Qc7 13. Bb2 Rd8 14. Qe2 (14. dxc5 Bxc5 15. Qe2 $14)
14... Nf8 15. Rad1 $14) 11. Re1 (11. Bc2 Re8 12. Qd3 Nf8 13. c5 $1 $14 (13. Re1
$6 b6 $14 (13... e5 14. dxe5 Bxe5 15. Bf4 $1 Bf5 16. Qxf5 Bxf4 17. g3 Bh6 $11 (
17... Bd6 18. c5 Be7 19. Ne5 Bxc5 20. Nxf7 Qxf7 21. Bb3 $18)))) 11... c5 12.
dxc5 $1 Bxc5 (12... Nxc5 13. Bc2 Rd8 14. Qe2 b6 15. b4 Nb7 (15... Na6 16. Qe4 (
16. Bxh7+ Kxh7 17. Ng5+ Kg8 18. Qh5 Nxb4 $17) 16... f5 17. Qxa8 Bd7 18. Qxd8+
Qxd8 19. a3 $14) 16. Bd2 a5 17. a3 axb4 18. axb4 Rxa1 19. Rxa1 e5 20. Bc3 f6
21. Qe4 g6 22. Qh4 Kg7 23. Bd2 h5 $14) 13. a3 Nf6 14. b4 Nxe4 (14... Be7 15.
Bb2 Qxc4 16. Ne5 Qb5 (16... Qc7) 17. Bd3 Qe8 18. Qf3 {Bernard,Ch-Andruet,G/
Lyon (open)/1988} Nd5 $44) 15. Rxe4 Rd8 16. Qe2 Be7 17. Bf4 Qc6 18. Re1 b6 $132
) 6... Be7 7. b3 O-O 8. Bb2 b6 9. Nbd2 Bb7 10. Qe2 c5 (10... Re8 $6 11. Rad1 (
11. Rac1 c5 12. Rfd1 cxd4 (12... Rc8 13. cxd5 Nxd5 14. Ne5 Nxe5 (14... cxd4 15.
Bxh7+ Kxh7 16. Qh5+ Kg8 17. Qxf7+ Kh8 (17... Kh7 18. Qg6+ Kg8 19. Qxe6+ $18)
18. Ndc4 Nxe5 19. Nxe5 Rxc1 20. Rxc1 Nf6 21. Bxd4 $16) 15. dxe5 f5 16. exf6
Bxf6 17. Nc4 Bxb2 18. Qxb2 $14 {1-0 Zarubin,P-Svirin,O/Smolensk ,EXT 1991 (31)}
) 13. exd4 Rc8 $11) 11... Bf8 (11... Qc7 12. Ne5 Nxe5 13. dxe5 Nd7 14. f4 f5
15. exf6 Bxf6 16. Bxf6 Nxf6 17. Nf3 c5 18. Ne5 Rad8 19. Rd2 {1/2-1/2 Franco,
Z-Luther,T/Capablanca Premier 1997 (19)}) 12. Ne5 Nxe5 (12... Bd6 13. f4 a5
$132) 13. dxe5 Nd7 14. f4 Nc5 15. Bc2 b5 16. Nf3 $1 {/\ Bh7} h6 $1 (16... g6 $6
17. Ng5 $1 bxc4 18. bxc4 Ba6 (18... h6 19. Nxf7 Kxf7 20. Qg4 Ke7 21. Bxg6 Kd7 (
21... Ba6 22. f5) 22. e4) 19. Qg4 $1 Bxc4 20. Nxh7 $1 (20. f5 exf5 21. Rxf5 h5
22. Qg3 Qb6 23. Nxf7 Bg7 24. Qxg6 $18) 20... Kxh7 21. f5 exf5 22. Rxf5 $18 Re6
(22... Qe7 23. e6 Nxe6 24. Bf6 $18) (22... d4 23. Rxd4 Be6 24. Rxd8 $18 {
1-0 Franco,Z-Tukmakov,V/Las Palmas/1992 (28)}) 23. Rxf7+ Kg8 24. Bxg6 Bg7 (
24... Bh6 25. Rf6 $18) 25. Qh5 $18) (16... bxc4 17. Bxh7+ $18) 17. cxb5 cxb5
18. Nd4 b4 $132) 11. Rfd1 (11. Rad1 cxd4 (11... Rc8 12. Ne5 Qc7 13. f4 g6 14.
Ndf3 Rcd8 15. Rc1 Qb8 16. Qc2 Qa8 $132 {1-0 Stahlberg,G-Vestol,A/Moscow olm
final B 1956 (33)}) (11... Qc7 12. Ne5 Rad8 (12... Nxe5 13. dxe5 Ne4 14. cxd5 (
14. Nb1 f5 15. f3 Ng5 16. h4 Nf7 17. cxd5 Nxe5 18. dxe6 Nxd3 19. Qxd3 Rad8 20.
Qc4 $44 {1/2-1/2 Franco,Z-Giorgadze,G/It, Elgoibar ESP 1997 (23)}) 14... Nxd2 (
14... exd5 15. Nxe4 dxe4 16. Bc4 Bc6 (16... Rad8 17. Qh5 g6 18. Qh6 Rxd1 19.
Rxd1 Rd8 20. Rd6 $1 $18) 17. Qg4 Rad8 18. Rxd8 Qxd8 (18... Rxd8 19. e6 $18 {
1-0 Polgar,Z-Varga,Z/Hungary ch 1991/[Polgar,Zsu] (22)}) 19. Rd1 Qa8 20. e6 f6
21. a4 Kh8 $14) 15. Rxd2 Bxd5 16. f4 $132) 13. f4 Ne4 14. cxd5 exd5 15. Nxe4
dxe4 16. Bc4 cxd4 17. Bxd4 Nf6 (17... Nxe5 18. fxe5 (18. Bxe5 Qc6 $11) 18...
Bc8 $11) 18. Ng4 Nxg4 19. Qxg4 g6 (19... Rxd4 20. Rxd4 Bc6 21. Qe2 $18 {
1-0 Mikhalchishin,A-Slobodjan,R/Dortmund A 1993 (30)}) 20. f5 Bc8 21. fxg6 Bxg4
22. gxf7+ Rxf7 23. Bxf7+ Kf8 24. Be6+ Bf3 25. gxf3 $16) 12. exd4 Rc8 13. Ne5
Rc7 14. f4 g6 15. Qe3 a6 16. Qh3 dxc4 17. bxc4 b5 $132 {0-1 Ivkov,B-Bacrot,E/
Cannes Generations 1996 (53)}) (11. Rac1 Ne4 12. Rfd1 (12. cxd5 exd5 13. Rfd1
Bf6 14. Ne5 Nxd2 15. Rxd2 cxd4 16. Nxd7 Qxd7 17. Bb5 Qe6 18. Bxd4 $14 {1/2-1/2
Chiburdanidze,M-Ioseliani,N/Belgrade Yugometal 1996/EXT 96b (18)}) 12... Nxd2
13. Rxd2 cxd4 14. Nxd4 Nf6 $11 (14... Rc8 15. Rcd1 Nf6 $14 (15... Nc5 16. Bb1
Qe8 17. cxd5 Bxd5 18. Nf5 $16 {1-0 Landa,K-Malakhov,V/ch-RUS KO, Elista RUS (1.
2) 1997 (53)}))) (11. cxd5 Nxd5 12. Rac1 Rc8 13. Nc4 cxd4 14. Nxd4 a6 15. Nf3
$11 {1/2-1/2 Makarov,M-Neverov,V/St.Petersburg 1995 (15)}) 11... Rc8 (11...
cxd4 12. exd4 dxc4 (12... Rc8 13. Ne5 Re8 (13... Rc7 $132) 14. Ndf3 h6 (14...
Rc7 15. Nxf7 $1 $18) 15. Rac1 Nf8 16. Rc2 N6d7 $132 {1-0 Mainka,G-Poschke,M/
Dortmund 1995 (36)}) 13. bxc4 (13. Nxc4 Nd5 $15) 13... Re8 14. Ne5 Nxe5 15.
dxe5 Nd7 16. Ne4 Qc7 17. Nd6 $14) (11... Bd6 12. Ne5 Qe7 (12... cxd4 13. exd4
Rc8 $132) 13. a3 Rfd8 14. Nf1 Nf8 15. Ng3 $132 {1-0 Heinicke,H-Preusse,A/Bad
Harzburg 1938 (36)}) (11... a5 12. a4 Qc7 13. Rac1 Rad8 14. h3 {1/2-1/2 Hoi,
C-Kristensen,B/Ringsted ch-DK(4) 1995 (14)} (14. cxd5 exd5 $11)) 12. e4 $146 (
12. Rac1 Rc7 (12... cxd4 13. exd4 dxc4 14. bxc4 Qc7 15. Ne5 Nxe5 16. dxe5 Nd7
17. Nf1 (17. Qh5 g6) 17... Rfd8 $15 {0-1 Bondarevsky,I-Mazel,I/Leningrad 1938 
(34)}) 13. Ne5 (13. cxd5 Nxd5 14. Bb5 Qa8 15. Bxd7 Rxd7 16. dxc5 Bxc5 17. Ne5
Rdd8 18. Nd3 $11 {1/2-1/2 Eliskases-Foguelman/Buenos Aires t Nacional
Preliminar 1970 (51)}) 13... Qa8 14. f4 dxc4 15. bxc4 Ne4 16. Bxe4 Bxe4 17. d5
Nf6 (17... exd5 18. Nxe4 $18) 18. Nxe4 Nxe4 19. dxe6 fxe6 20. Qg4 $14 {1-0
Kotov,A-Von Freiman,S/Kiev 1938 (36)}) 12... dxe4 13. Nxe4 Qc7 $11 (13... cxd4
14. Nxd4 Nxe4 15. Bxe4 Bxe4 16. Qxe4 Nf6 17. Qe2 Qc7 18. Nb5 Qb8 19. Be5 Qa8
20. Rd2 Rfd8 21. Rad1 Rxd2 22. Rxd2 a6 $11) 14. Rd2 cxd4 15. Bxd4 $6 (15. Nxd4
$11) 15... Rfd8 16. Nc3 $2 $15 (16. Rad1 $2 Bb4 (16... Nh5 $6 17. Neg5 Nf4 18.
Bxh7+ $14) 17. Nc3 Bxf3 18. Qxf3 Ne5 19. Bxe5 Qxe5 $17) (16. Nxf6+ Nxf6 17. Bb2
$11) 16... Bc5 $6 $11 (16... Bxf3 $1 17. Qxf3 (17. gxf3 Bd6 $17) 17... Ne5 18.
Bxe5 (18. Qe3 Neg4 19. Qh3 Rxd4 20. Bxh7+ Nxh7 21. Rxd4 Nxf2 $19) 18... Qxe5
19. Re2 (19. Rad1 $2 Bb4 20. Rc1 Nd5 $2 (20... Bxc3 21. Re2 (21. Rxc3 Qe1+ 22.
Bf1 Qxd2 $19) 21... Qd4 22. Rxc3 g6 23. Rec2 Ne4 $19) 21. cxd5 Rxc3 22. Rxc3
Qxc3 23. Rc2 Qe1+ 24. Bf1 exd5 25. Rc7 $11) 19... Qd4 20. Re3 (20. Rd2 Kf8 (
20... Kh8 21. Rc1 Bb4 22. Nb5 Qg4 (22... Bxd2 23. Nxd4 Bxc1 24. Ne2 Bh6 25. Qb7
Rc5 $17) 23. Qxg4 Nxg4 24. Rdd1 Bc5 25. Rc2 a6 26. Nc3 Ne5 27. Be2 Rxd1+ 28.
Bxd1 Rd8 29. Be2 Nc6 $15) 21. Rc1 Bb4 22. Nb5 Bxd2 23. Nxd4 Bxc1 24. Ne2 Bh6
$17) 20... Bb4 21. Bf1 Bxc3 (21... Qd2 $15) 22. Rxc3 Ne4 23. Rcc1 Nd2 24. Qe2
Rc7 25. Rd1 Rcd7 26. g3 Qb2 $15) 17. Nb5 (17. Bxc5 $1 Nxc5 18. Rad1 $11) 17...
Qb8 (17... Qf4 $5 18. Bxf6 (18. Be3 Qg4 $1 (18... Bxe3 19. fxe3 $132 (19. Qxe3
Qxe3 20. fxe3 Bxf3 21. gxf3 Ne5 $19)) 19. Bxc5 Nxc5 20. Rad1 Bxf3 21. Qxf3 Qxf3
22. gxf3 Kf8 $15) 18... Bxf3 19. Qxf3 Qxd2 (19... Qxf3 20. gxf3 Nxf6 21. Nxa7
$44) 20. Bxd8 Rxd8 21. Rd1 (21. Nxa7 Ne5 $19) 21... Qxa2 22. Bb1 Qa5 23. Qe4 g6
24. Qh4 (24. g3 Be7 25. Qc6 Nf8 $17) 24... Rc8 $17) 18. Rad1 Bxd4 (18... Bb4
19. Bc3 Bxc3 20. Nxc3 Qf4 21. Nd4 $132) 19. Nbxd4 Nc5 20. Bb1 (20. Ne5 Nxd3 21.
Rxd3 $11) 20... Nfe4 21. Rc2 $6 $15 (21. Bxe4 Nxe4 (21... Bxe4 22. b4 Bxf3 23.
Qxf3 Na6 24. Nc6 Rxd2 25. Nxb8 Rxd1+ 26. Qxd1 $18) 22. Rd3 $11) 21... e5 22.
Nf5 (22. Nb5 Rxd1+ 23. Qxd1 Rd8 24. Qf1 Nd3 $15) 22... Rxd1+ 23. Qxd1 Rd8 24.
Qe2 g6 $1 (24... Nd3 25. Qe3 Nf4 (25... Qc7 26. Re2 Ndxf2 27. Rxf2 Nxf2 28.
Kxf2 $14) 26. Rc1 Nc3 27. Re1 Bxf3 28. Qxf3 Nxb1 29. Rxb1 Rd2 30. Re1 Rxa2 31.
h4 f6 32. Rd1 g6 33. Ne7+ $44) 25. Nh6+ (25. Ne7+ Kf8 26. Nd5 Bxd5 27. cxd5
Rxd5 28. b4 Na4 29. Qxe4 Rd1+ 30. Ne1 Rxb1 $17) 25... Kg7 26. Ng4 Nd3 27. Qe3 (
27. Ne1 Nf4 28. Qe3 Rd1 29. f3 Qc8 $17 (29... Rxb1 30. fxe4 Qd8 $17)) 27... f5
28. Qh6+ $8 Kg8 29. Ne3 (29. Ng5 Nxg5 30. Nf6+ Kf7 $19) 29... Nf4 30. g3 (30.
Rb2 Qd6 31. h3 Nc3 32. Rd2 Qe7 33. Rxd8+ Qxd8 34. Ng5 Qd7 $17) 30... Nf6 (30...
Nd3 $6 31. Nxf5 $1 gxf5 32. Ng5 Qc7 (32... Nxg5 33. Qxg5+ Kh8 34. Qf6+ Kg8 35.
Qg5+ $11) 33. Qe6+ (33. Ne6 Nf4 $3 34. gxf4 Rd1+ 35. Kg2 Qe7 36. f3 Rd6 $19)
33... Kg7 34. Qxf5 Nxg5 (34... Nf4 35. Qxh7+ Kf6 36. Rc1 $1 Qxh7 37. Nxh7+ Ke7
38. gxf4 Nc3 (38... Rg8+ 39. Kf1 (39. Ng5 exf4 40. h4 Nxg5 41. hxg5 Rxg5+ 42.
Kf1 $16) 39... Nd2+ 40. Ke2 Nxb1 41. fxe5 Na3 $132) 39. Kf1 Nxb1 40. Rxb1 Be4
41. Re1 Bxh7 42. Rxe5+ Kf6 $15) 35. Qxg5+ $11) 31. Ne1 (31. gxf4 Bxf3 $17)
31... Ne6 32. Rc1 (32. Rb2 e4 33. Re2 (33. Nxf5 Qe5 34. Ne7+ Kf7 $19) 33... Qe5
$17) 32... Kf7 $1 (32... Nd4 $2 33. Nxf5 gxf5 34. Qxf6 Ne2+ 35. Kf1 Nxc1 36.
Bxf5 Rd6 37. Be6+ Rxe6 38. Qxe6+ Kg7 39. Qe7+ Kg6 40. h4 Qc8 (40... Nxa2 41. g4
$18) 41. Qg5+ Kf7 42. Qxc1 Qh3+ 43. Ke2 Qg4+ 44. f3 Qxg3 45. Qh6 Qg6 $16) 33.
Nd5 $2 $17 (33. Bd3) 33... Bxd5 34. cxd5 Rxd5 35. Bd3 b5 (35... Qd6 36. Bc4 Rd1
37. Rxd1 Qxd1 38. Kf1 e4 $17) 36. Bf1 Qb6 (36... Qd6 $17) 37. h3 $2 {[%csl Rg3,
Rh6]} (37. Rc2 e4 $17) 37... f4 $1 $19 {[%cal Gb6f2]} (37... e4 $17) 38. gxf4
exf4 {[%cal Gd5h5]} 39. Be2 Rd2 40. Kf1 (40. Rc2 Rxc2 41. Nxc2 Qa5 $19) 40...
Ne4 41. Qh4 h5 {[%csl Rh4]} 42. Rd1 Qd4 43. Rxd2 Nxd2+ 0-1